BCIS Dilapidations price book (Record no. 121106)
[ view plain ]
| 000 -LEADER | |
|---|---|
| fixed length control field | 01362cam a22002775a 4500 |
| 001 - CONTROL NUMBER | |
| control field | K121106 |
| 008 - FIXED-LENGTH DATA ELEMENTS--GENERAL INFORMATION | |
| fixed length control field | 190101s2019 xxk f 001 0 eng d |
| 020 ## - INTERNATIONAL STANDARD BOOK NUMBER | |
| ISBN | 9781783213641 |
| 035 ## - SYSTEM CONTROL NUMBER | |
| System control number | (Sirsi) u159527 |
| 041 0# - LANGUAGE CODE | |
| Language code of text/sound track or separate title | eng |
| 050 04 - Library of Congress Classification | |
| Class mark | 692.5 $2 18 |
| 110 2# - MAIN ENTRY--CORPORATE NAME | |
| Corporate author | Building Cost Information Service |
| 245 00 - TITLE STATEMENT | |
| Title | BCIS Dilapidations price book |
| Subtitle | 2020 |
| 250 ## - EDITION | |
| Edition statement | 8th |
| 260 ## - PUBLICATION INFORMATION | |
| Place of publication | London |
| Publisher | BCIS |
| Date | 2019 |
| 300 ## - PHYSICAL DESCRIPTION | |
| Physical description | 288p |
| Dimensions | 21cm. |
| 520 ## - ABSTRACT | |
| Abstract | Provides cost data for dilapidations schedules for both residential and non-residential buildings. Aims to save time and minimise disputes associated with costing schedules of dilapidations. Helps in the application of the BCIS Building Maintenance Price Book, and other estimating price books. Provides supplementary pricing information to help practitioners where changes are needed to reflect local market conditions. The data contained in the price book relates primarily to items of removal, repair, cleaning, reinstatement, new building works or decoration for residential, commercial and industrial property. It is set out in accordance with the RICS New rules of measurement. |
| 520 ## - ABSTRACT | |
| Abstract | Supersedes 7th ed ISBN 9781783211982 |
| 521 ## - TARGET AUDIENCE NOTE | |
| Target audience note | Advanced |
| 590 ## - LOCAL NOTE (RLIN) | |
| Local note | KA |
| 650 ## - KEYWORDS | |
| Keywords | Price books |
| 651 #4 - SUBJECT ADDED ENTRY--GEOGRAPHIC NAME | |
| Geographic name | United Kingdom |
| 690 ## - BROAD SUBJECT | |
| Broad subject | Dilapidations |
| 9 (RLIN) | 6235 |
| 942 ## - ADDED ENTRY ELEMENTS (KOHA) | |
| Suppress in OPAC | Do not suppress in OPAC |
| 350 ## - PRICE (NR) (BK AM CF MU VM SE) [OBSOLETE] | |
| Price | 205 |
| Lost status | Damaged status | Not for loan | Home library | Current library | Shelving location | Date acquired | Total Checkouts | Full call number | Date last seen | Price effective from | Koha item type |
|---|---|---|---|---|---|---|---|---|---|---|---|
| Archives | Archives | Archive copy | 11/09/2019 | RICS 2019/10 | 11/09/2019 | 11/09/2019 | Book | ||||
| London | London | Books | 11/09/2019 | 692.5 BCI | 11/09/2019 | 11/09/2019 | Book |